000 00694nam a2200217Ia 4500
003 GCL
008 140319s9999 xx 000 0 ara d
040 _aGCL /
_cGCL
082 0 4 _a370.193
_bم ف
100 1 _aمنير المرسى سرحان
245 1 0 _aفى اجتماعيات التربية /
_cمنير المرسى سرحان
260 _a[S.N] :
_bمكتبة الانجلوالمصرية ،
_c1978
300 _a297 ص
490 _a
650 0 4 _aالتربية
650 0 4 _aالاجتماع التربوى - علم
650 0 4 _aالجوانب الاجتماعية
650 0 4 _aالبيئة المائية
650 0 4 _aالبيئة المدرسية
942 _2ddc
_cBK
999 _c34713
_d34713